Zavedenie ERP systému do podnikovej praxe
Podnikové ERP systémy predstavujú aplikácie, ktoré slúžia na komplexné riadenie a koordináciu disponibilných zdrojov podniku. Skvalitnenie a zefektívnenie procesov vo firme, využívanie prínosov a výhod EDI (Elektronic Data Interchange).
Salvato in:
| Autore principale: | |
|---|---|
| Altri autori: | |
| Natura: | Capitolo di libro |
| Lingua: | slovacco |
| Soggetti: | |
| Tags: |
Nessun Tag, puoi essere il primo ad aggiungerne!!
|
MARC
| LEADER | 00000nla a2200000 4500 | ||
|---|---|---|---|
| 001 | 0175892 | ||
| 005 | 20240502073012.4 | ||
| 041 | 0 | |a slo | |
| 044 | |a SK | ||
| 245 | 1 | 0 | |a Zavedenie ERP systému do podnikovej praxe |c Peter Drábik, Gabriela Králiková |
| 520 | |a Podnikové ERP systémy predstavujú aplikácie, ktoré slúžia na komplexné riadenie a koordináciu disponibilných zdrojov podniku. Skvalitnenie a zefektívnenie procesov vo firme, využívanie prínosov a výhod EDI (Elektronic Data Interchange). | ||
| 610 | 2 | 0 | |a technológie informačné |
| 610 | 2 | 0 | |a technológie komunikačné |
| 610 | 2 | 0 | |a systémy informačné podnikové |
| 610 | 2 | 0 | |a systémy riadenia |
| 100 | 1 | |a Drábik, Peter, 1981- | |
| 700 | 1 | |a Králiková, Gabriela | |